000 00399nam a2200145Ia 4500
008 100122s9999 xx 000 0 und d
082 _b54591
_a822
100 _aचिखले सुरेश
245 _aअकस्मात
260 _bसमाधी प्रकाशन
_c1995
300 _a64
630 _aअकस्मात
730 _aअकस्मात
942 _cBOOK
999 _c431412
_d431409